| 000 | 00740nam a22002417a 4500 | ||
|---|---|---|---|
| 005 | 20170124110155.0 | ||
| 010 | _aA-251649 | ||
| 020 |
_c00.00 _a0471898325 |
||
| 035 | _aA-251649 | ||
| 037 | _bCen Lib/Ret | ||
| 040 |
_aDPL _bEN |
||
| 082 |
_a616.89 _bHAN |
||
| 245 |
_aHandbook of social skills training and research / _cedited by Luciano L'Abate [and] Michael A Milan |
||
| 260 |
_aNew York _bJohn Wiley and Sons _c1985 |
||
| 270 | _a | ||
| 300 |
_axvii,648p. _c24cm(Hb) |
||
| 500 | _aIncludes index | ||
| 650 |
_aPsychotherapy _934846 |
||
| 650 |
_aSocial skills--Study and teaching _934847 |
||
| 700 |
_aL'Abate, Luciano _934848 |
||
| 700 |
_aMilan, Michael A _934849 |
||
| 942 |
_2ddc _cEN _h616.89 _mLAB |
||
| 999 |
_c132479 _d132479 |
||